Las aventuras de Gilgamesh /

Guardado en:
Autor Principal: Roggio, Patricia; adap.
Otros Autores: Baldó, Fernando; il.
Formato: Libro
Publicado: Buenos Aires : Letra Impresa, 2008.
Series:La Puerta Secreta ; 1
Materias:
Etiquetas: Agregar Etiqueta
Sin Etiquetas, Sea el primero en etiquetar este registro!
LEADER 00959nam a22002535a 4500
001 CEM.cems019708
008 221012s2008####ag############000#0#####d
005 20221012101611.0
245 1 0 |a Las aventuras de Gilgamesh /  |c adaptado por Patricia Roggio ; ilustrado por Fernando Baldó. 
260 |a Buenos Aires :  |b Letra Impresa,  |c 2008. 
300 |a 104 p. 
490 0 |a La Puerta Secreta ;  |v 1 
505 0 |a La puerta secreta -- La llave maestra -- Las aventuras de Gilgamesh -- Los secretos de Gilgamesh -- Nuevas puertas para abrir 
020 |a 979872414306 
100 1 |a Roggio, Patricia; adap. 
700 1 |a Baldó, Fernando; il. 
082 0 4 |a 398.2 
653 |a Literatura infantil 
653 |a Literatura juvenil 
653 |a Literatura Argentina 
653 |a Mitos 
653 |a Mitología sumeria 
859 |a CEMS  |b BIB. CEMS - Inicial y Primaria  |h 398.2  |i R126  |k IP  |p 2431  |t Ej.1 
859 |a CEMS  |b BIB. CEMS - Inicial y Primaria  |h 398.2  |i R126  |k IP  |p 3801  |t Ej.2